Movies Quiz

Random Movies or Director Quiz

French Cinema Directors Quiz Stats

Quiz not verified by Sporcle

Challenge
Share
Tweet
Embed
Score 0/22 Timer 10:00
0 Plays Today
Movie title Director % Correct
Jules et JimFrançois Truffaut
86.9%
Le MéprisJean-Luc Godard
74.2%
NikitaLuc Besson
64.7%
Les parapluies de CherbourgJacques Demy
60.6%
Au revoir les enfantsLouis Malle
60.6%
Le dernier métroFrançois Truffaut
55.2%
Trois couleurs: BleuKrzysztof Kieslowski
54.8%
Les diaboliqeus (1955)Henri-Georges Clouzot
53.4%
Cléo de 5 à 7Agnès Varda
51.6%
La Cité des enfants perdusJean-Pierre Jeunet
48.9%
La CérémonieClaude Chabrol
46.6%
Movie title Director % Correct
Bienvenue chez les Ch'tisDany Boon
33.9%
Les enfants du ParadisMarcel Carné
26.7%
Les visiteursJean-Marie Poiré
25.3%
Chacun cherche son chatCédric Klapisch
24.4%
Cyrano de BergeracJean-Paul Rappeneau
19.9%
Sous les toits de ParisRené Clair
18.6%
La cage aux follesEdouard Molinaro
17.6%
Le pacte des loupsChristophe Gans
15.8%
Les roseaux sauvagesAndré Téchiné
14.5%
Les enfants terriblesJean-Pierre Melville
14.5%
Camille ClaudelBruno Nuytten
8.6%

You're not logged in!

Compare scores with friends on all Sporcle quizzes.
Join for Free
OR
Log In

You Might Also Like...

Show Comments

Extras

Created Jan 21, 2012ReportNominate
Tags:Director Quiz, French Quiz

Top Quizzes Today


Score Distribution

Your Account Isn't Verified!

In order to create a playlist on Sporcle, you need to verify the email address you used during registration. Go to your Sporcle Settings to finish the process.

Report this User

Report this user for behavior that violates our Community Guidelines.

Details: